LEADER 01730nam a2200313 u 4500 001 000000036689 003 CaOOAMICUS 005 20070226112728.0 008 980327s1940 it u000 u ita u 035 $a10787896 040 $aPUL(R)$bita 100 1 $aRebuttati, Carlo.$0(OLS)http://pul/name/27692 245 12$aL'ordinamento matrimoniale concordatario :$bcon particolare riguardo alle disposizioni transitorie e con riferimento al nuovo libro primo del Codice Civile e al nuovo ordinamento dello stato civile /$cCarlo Rebuttati ; con prefazione di Maria D'Amelio. 260 $aRoma :$bSoc. Editrice del libro italiano,$c1940. 300 $a179 p. ;$c24 cm 500 $aInclude indici. 504 $aBibliografia a pič pagina. 650 4$aMatrimonio (diritto).$0(OLS)http://pul/subject/800 650 4$aDiritto civile$zItalia.$0(OLS)http://pul/subject/3770 850 $aPUL 852 $aPUL$W1$xDP2 Diritto Canonico 1$y64$m166 C 20$j50261$nBK-PRI$qStampati$B50261$CPULBib$Z2$F50261 $H23893 $82 852 $aPUL$W1$xDP1 Fondo Ciprotti$y59$m1540 D 29$j50262$nBK-PRI$b $qFondi$B50262$CPULBib$Z2$F50262 $H $81 941 1 $a8 941 1 $a1 960 $aDiritto matrimoniale$9800 961 $aINV: 23893.Stemma di Pio XII sul piatto anteriore. Precedente collocazione: 60 D. 961 $aINV: F. Ciprotti 996 $6245$aL'ordinamento matrimoniale concordatario :$bcon particolare riguardo alle disposizioni transitorie e con riferimento al nuovo libro primo del Codice Civile e al nuovo ordinamento dello stato civile$9(OLS)http://pul/title/50093 996 $6260$aRoma :$bSoc. Editrice del libro italiano$9(OLS)http://pul/publisher/63040 LEADER 01579nam a2200361 a 4500 001 000000147757 003 CaOOAMICUS 005 20151127125046.0 008 151127s2015 vc u000 u ita r 020 $a978-88-465-1050-1* 032 $aLibriCat 040 $aPUL$bita 082 04$a230 245 01$a"Poveri e ricchi" :$bla sfida: istituzionalizzare l'inclusione sociale /$cFlavio Felice, Gennaro Taiani (edd.) 260 $aCittą del Vaticano :$bLateran University Press,$c©2015. 300 $a312 p. ;$c21 cm. 490 1 $aVivae voces ;$v34 500 $aSul front.: Fondazione Roma. 504 $aInclude indice e bibliografia. 650 4$aPovertą.$0(OLS)http://pul/subject/5964 650 4$aDottrina sociale della Chiesa.$0(OLS)http://pul/subject/33229 700 1 $aTaiani, Gennaro.$0(OLS)http://pul/name/73221 700 1 $aFelice, Flavio,$d1969-$0(OLS)http://pul/name/42078 830 0$aVivae voces ;$v34.$0(OLS)http://pul/title/165512 850 $aPUL 852 $aPUL$W1$xSL Religione 3$y85$m230 COLL 7.34$j170614$qDDC 21$B171557$CPULBib$Z2$F171557 $H126639 $81 941 1 $a9 960 $aDottrina sociale cristiana$933229 996 $6020$a978-88-465-1050-1*$9(OLS)http://pul/number/159065 996 $6082$a230$9(OLS)http://pul/classification/368 996 $6245$a"Poveri e ricchi" :$bla sfida: istituzionalizzare l'inclusione sociale$9(OLS)http://pul/title/186451 996 $6260$aCittą del Vaticano :$bLateran University Press$9(OLS)http://pul/publisher/74585